000 00902nam a22003017a 4500
003 CHAP
005 20220329140153.0
008 971013s1961 r 00010 d
010 _a48018
011 _a48990
035 _a53138
040 _cCHAP
082 _a541.372
_bR52
100 0 0 _aRice, Stuart A.
_997233
245 _apolyelectrolyte solutions ; a theoretical introduction
260 _aNew York :
_bAcademic Press,
_c1961
300 _a568 p.
490 _aMolecular biology
_v; 2
590 _aBATCH-UPD
_b10
_c20130110
_lUCH01
_h2150
590 _aBATCH-UPD
_b10
_c20130410
_lUCH01
_h1458
590 _aBATCH-UPD
_b10
_c20130914
_lUCH01
_h1625
590 _aCONVERSION
_b10
_c20130109
_lUCH01
_h1326
650 1 4 _aElectrólisis.
_936240
830 0 _aMolecular biology
_v; 2
_977322
901 _aBK
942 _cLIBRO
949 _a541.372 R52
_bBC
_cLIBRO
_d33724000412169
_eLIBRO
_i53138
_si
999 _c48018
_d48018